000 00272nam a2200121Ia 4500
008 191201s2011 xx 000 0 und d
100 _aARORA, CP
245 0 _aThermodynamics
250 _a22th Rep
260 _c2011
_bTMH
_aNEW DELHI
300 _a762
942 _2ddc
_cBK
_02
999 _c8021
_d8021